TOEFL : Test of English as a foreign language

Tallennettuna:
Bibliografiset tiedot
Päätekijä: Babin, Edith
Aineistotyyppi: Kirja
Kieli:Undetermined
Julkaistu: New York, NY Prentice Hall 1987
Aiheet:
Tagit: Lisää tagi
Ei tageja, Lisää ensimmäinen tagi!
Thư viện lưu trữ: Trung tâm Học liệu Trường Đại học Cần Thơ
LEADER 00743nam a2200229Ia 4500
001 CTU_130716
008 210402s9999 xx 000 0 und d
082 |a 428.0076 
082 |b B114 
100 |a Babin, Edith 
245 0 |a TOEFL : 
245 0 |b Test of English as a foreign language 
245 0 |c Edith Babin, Carole V. Cordes and Harriet H. Nichols 
260 |a New York, NY 
260 |b Prentice Hall 
260 |c 1987 
650 |a English language,English language 
650 |x Textbooks for foreign speakers 
650 |y Examinations, questions, etc. 
904 |i Minh 
910 |a Mai chuyển số PL từ 428.24076 thành 428.0076 chưa in nhãn 
980 |a Trung tâm Học liệu Trường Đại học Cần Thơ